| 000 | 01788cam a22003973a 4500 | ||
|---|---|---|---|
| 001 | 30092 | ||
| 003 | PGUSA | ||
| 005 | 20140828083641.0 | ||
| 008 | 090926s2009||||xxu|||||s|||||000 1 eng d | ||
| 040 |
_aPGUSA _beng |
||
| 042 | _adc | ||
| 050 | 4 | _aPN | |
| 245 | 1 | 0 |
_aLords of the Housetops : _bThirteen Cat Tales _h[electronic resource] |
| 260 |
_bProject Gutenberg, _c2009 |
||
| 505 | 0 | _aThe cat / M. E. W. Freeman -- Zut / G. W. Carryl -- A psychical invasion / A. Blackwood -- The afflictions of an English cat / H. de Balzac (translated from the French by C. Van Vechten) -- Gipsy / B. Tarkington -- The Blue Dryad / G. H. Powell -- Dick Baker's cat / Mark Twain -- The black cat / E. A. Poe -- Madame Jolicoeur's cat / T. A. Janvier -- A friendly rat / W. H. Hudson -- Monty's friend / W. L. Alden -- The queen's cat / P. Bacon -- Calvin / C. D. Warner | |
| 506 | _aPublic domain in the USA. | ||
| 516 | _aElectronic text | ||
| 653 | _aCats -- Fiction | ||
| 700 | 1 |
_aBlackwood, Algernon, _d1869-1951 |
|
| 700 | 1 |
_aWarner, Charles Dudley, _d1829-1900 |
|
| 700 | 1 |
_aVan Vechten, Carl, _d1880-1964 |
|
| 700 | 1 |
_aPowell, G. H. _q(George Herbert), _d1856-1924 |
|
| 700 | 1 |
_aAlden, W. L. _q(William Livingston), _d1837-1908 |
|
| 700 | 1 |
_aBacon, Peggy, _d1895-1987 |
|
| 700 | 1 |
_aPoe, Edgar Allan, _d1809-1849 |
|
| 700 | 1 |
_aBalzac, Honoré de, _d1799-1850 |
|
| 700 | 1 |
_aHudson, W. H. _q(William Henry), _d1841-1922 |
|
| 700 | 1 |
_aTwain, Mark, _d1835-1910 |
|
| 700 | 1 |
_aCarryl, Guy Wetmore, _d1873-1904 |
|
| 700 | 1 |
_aTarkington, Booth, _d1869-1946 |
|
| 700 | 1 |
_aJanvier, Thomas A. _q(Thomas Allibone), _d1849-1913 |
|
| 700 | 1 |
_aFreeman, Mary Eleanor Wilkins, _d1852-1930 |
|
| 830 | 0 |
_aProject Gutenberg _v30092 |
|
| 856 | 4 | 0 | _uhttp://www.gutenberg.org/ebooks/30092 |
| 942 | _cEB | ||
| 999 |
_c259347 _d259347 |
||